00558nam a2200193Ia 4500003000900000008004100009020001800050040001600068080001700084100001900101245010100120260003600221300001600257650001700273650001600290650001600306650001900322700002300341IN-BaIIA211028s9999 xx 000 0 eng d a0-387-11045-3 cIIA Library a521.5bFRI-I aFridman, A. M. 0aPhysics of gravitating systems Ibequilibrium and stabilitycA. M. Fridman and V. L. Polyachenko aNew YorkbSpringer-Verlagc1984 axvii, 468p. aAstrophysics aEquilibrium aGravitation aNASA Thesaurus aPolyachenko, V. L.